[Event "Menorca op-A 4th"]
[Site "Ciutadella"]
[Date "2025.04.22"]
[Round "1"]
[White "Kozak, Adam"]
[Black "Joel Paul, Ganta"]
[Result "1-0"]
[WhiteElo "2598"]
[BlackElo "2170"]
[PlyCount "83"]
[EventDate "2025.04.22"]
[EventType "swiss"]
[EventRounds "9"]
[EventCountry "ESP"]
[SourceTitle "CB18_2025"]
[SourceDate "2025.04.30"]
[SourceVersion "1"]
[SourceVersionDate "2025.04.30"]
[SourceQuality "1"]

1. Nf3 Nf6 2. g3 g6 3. b3 Bg7 4. Bb2 0-0 5. Bg2 c5 6. c4 d6 7. 0-0 e5 8. Nc3 Nc6 9. d3 h6 10. Nd2 Be6 11. Rc1 Rc8 12. a3 Qd7 13. Nd5 Ne7 14. e4 Nc6 15. b4 cxb4 16. Nxb4 Nxb4 17. axb4 b5 18. Qe2 Qb7 19. c5 dxc5 20. bxc5 Nd7 21. d4 exd4 22. c6 Rxc6 23. e5 Nxe5 24. Bxd4 Qd7 25. Bxc6 Qxd4 26. Nf3 Qg4 27. h3 Qh5 28. g4 Nxg4 29. hxg4 Qxg4+ 30. Kh1 Qh5+ 31. Kg1 Bh3 32. Qe4 Bxf1 33. Rxf1 Rc8 34. Rd1 b4 35. Bd5 a5 36. Bxf7+ Kh7 37. Kg2 Rc5 38. Rd6 Rg5+ 39. Nxg5+ Qxg5+ 40. Kf1 Qc1+ 41. Ke2 Qb2+ 42. Kf3 1-0

[Event "Reykjavik op"]
[Site "Reykjavik"]
[Date "2025.04.12"]
[Round "5"]
[White "Kunin, Vitaly L"]
[Black "Joel Paul, Ganta"]
[Result "1-0"]
[WhiteElo "2522"]
[BlackElo "2170"]
[PlyCount "119"]
[EventDate "2025.04.09"]
[EventType "swiss"]
[EventRounds "9"]
[EventCountry "ISL"]
[SourceTitle "CB17_2025"]
[SourceDate "2025.04.23"]
[SourceVersion "1"]
[SourceVersionDate "2025.04.23"]
[SourceQuality "1"]

1. d4 Nf6 2. c4 g6 3. Nc3 d5 4. e3 Bg7 5. Qb3 dxc4 6. Bxc4 0-0 7. Nf3 Nc6 8. Ne5 Qe8 9. Nxc6 Qxc6 10. 0-0 a6 11. Bd2 Qd6 12. Be2 Be6 13. Qc2 c5 14. dxc5 Qxc5 15. e4 Rac8 16. Rac1 Rfd8 17. Be3 Qc7 18. Qb1 Qa5 19. h3 b5 20. a3 Nd7 21. Nd5 Bxd5 22. exd5 Rxc1 23. Rxc1 Nf6 24. Bf3 Nxd5 25. b4 Qxa3 26. Bxd5 e6 27. Bb7 Bd4 28. Rd1 e5 29. Rd3 Qa4 30. Bxd4 Rxd4 31. Rxd4 exd4 32. Be4 Kg7 33. g3 Qa3 34. Kg2 h5 35. h4 Qc3 36. Bd3 Qc6+ 37. Be4 Qc3 38. Kf1 Qd2 39. Qe1 Qb2 40. Bd3 Kf6 41. Qe4 Qc1+ 42. Kg2 Qc3 43. f4 Kg7 44. f5 gxf5 45. Qe5+ Kg8 46. Qb8+ Kg7 47. Qe5+ Kg8 48. Qxf5 Qxb4 49. Qh7+ Kf8 50. Qh8+ Ke7 51. Qxh5 Kd6 52. Qf5 Qd2+ 53. Kh3 Qd1 54. Qf6+ Kd5 55. Qxf7+ Kc5 56. Qe7+ Kb6 57. Qd6+ Ka5 58. Qd8+ Ka4 59. Qxd4+ Ka3 60. Qc3+ 1-0

[Event "Senta Fantastico IM 02"]
[Site "Senta"]
[Date "2025.02.20"]
[Round "8"]
[White "Joel Paul, Ganta"]
[Black "Golubovskis, Maksims"]
[Result "1-0"]
[WhiteElo "2065"]
[BlackElo "2237"]
[PlyCount "63"]
[EventDate "2025.02.16"]
[EventType "tourn"]
[EventRounds "9"]
[EventCountry "SRB"]
[SourceTitle "CB09_2025"]
[SourceDate "2025.02.27"]
[SourceVersion "1"]
[SourceVersionDate "2025.02.27"]
[SourceQuality "1"]

1. e4 c5 2. Nf3 e6 3. d4 cxd4 4. Nxd4 Nc6 5. Nc3 Qc7 6. Be3 a6 7. Qf3 Ne5 8. Qg3 b5 9. 0-0-0 Nf6 10. f4 Neg4 11. Bg1 b4 12. Na4 h5 13. Bd3 Qa5 14. b3 g5 15. fxg5 Qxg5+ 16. Kb1 Qa5 17. Nf3 h4 18. Nxh4 d6 19. e5 Qxe5 20. Qf3 Rb8 21. Bd4 Qg5 22. Nf5 Bb7 23. Qe2 Rxh2 24. Rxh2 Nxh2 25. Bb5+ Nd7 26. Nb6 axb5 27. Nxd7 Kxd7 28. Qxb5+ Bc6 29. Qxb8 Qxf5 30. Bb6 e5 31. Qd8+ Ke6 32. Qxf8 1-0

[Event "Senta Fantastico IM 02"]
[Site "Senta"]
[Date "2025.02.17"]
[Round "3"]
[White "Apaar, Saxena"]
[Black "Joel Paul, Ganta"]
[Result "1-0"]
[WhiteElo "2183"]
[BlackElo "2065"]
[PlyCount "39"]
[EventDate "2025.02.16"]
[EventType "tourn"]
[EventRounds "9"]
[EventCountry "SRB"]
[SourceTitle "CB09_2025"]
[SourceDate "2025.02.27"]
[SourceVersion "1"]
[SourceVersionDate "2025.02.27"]
[SourceQuality "1"]

1. d4 Nf6 2. c4 g6 3. g3 c6 4. Bg2 d5 5. Qa4 Bg7 6. cxd5 0-0 7. dxc6 Nxc6 8. Nf3 Nd5 9. e3 Ncb4 10. 0-0 b5 11. Qd1 Bf5 12. Ne1 Rc8 13. e4 Bg4 14. Qxg4 Rxc1 15. exd5 Qd6 16. a3 Qa6 17. Qg5 Rd1 18. Qxe7 Rxd4 19. Nc3 Rd8 20. axb4 1-0

[Event "Senta Fantastico GM Mix 02"]
[Site "Senta"]
[Date "2025.02.14"]
[Round "6"]
[White "Joel Paul, Ganta"]
[Black "Farkas, Tibor"]
[Result "1-0"]
[WhiteElo "2065"]
[BlackElo "2208"]
[PlyCount "121"]
[EventDate "2025.02.11"]
[EventType "swiss"]
[EventRounds "9"]
[EventCountry "SRB"]
[SourceTitle "CB09_2025"]
[SourceDate "2025.02.27"]
[SourceVersion "1"]
[SourceVersionDate "2025.02.27"]
[SourceQuality "1"]

1. e4 c5 2. Nf3 d6 3. d4 cxd4 4. Nxd4 Nf6 5. Nc3 a6 6. Be3 Ng4 7. Bc1 Nf6 8. h3 e6 9. g4 Nc6 10. Bg2 Nxd4 11. Qxd4 e5 12. Qd3 Be6 13. 0-0 Be7 14. f4 exf4 15. Bxf4 0-0 16. Kh1 Qc7 17. Rfd1 Rfd8 18. Rd2 Ne8 19. g5 Rac8 20. Re1 Bf8 21. Qg3 Qb6 22. b3 g6 23. Ne2 Qa5 24. h4 d5 25. Red1 dxe4 26. Bxe4 Rxd2 27. Bxd2 Qd8 28. Nf4 Qd4 29. Qe3 Qxe3 30. Bxe3 Bg4 31. Rg1 Nd6 32. Rxg4 Nxe4 33. Nd5 Nd6 34. c4 Nf5 35. Bf2 b5 36. h5 bxc4 37. bxc4 gxh5 38. Rf4 Ne7 39. Nf6+ Kg7 40. Be3 Kg6 41. Nd7 Bg7 42. Nb6 Rc6 43. c5 Nf5 44. Bf2 Kxg5 45. Ra4 Bf8 46. Nd7 Be7 47. Nb8 Re6 48. c6 Bd6 49. Nxa6 Re2 50. Nc5 Bxc5 51. Bxc5 Rc2 52. Ra5 Ng3+ 53. Kg1 Kg4 54. c7 Kh3 55. c8Q+ f5 56. Qb7 Rc1+ 57. Kf2 Rf1+ 58. Ke3 f4+ 59. Kd2 f3 60. Ra3 Kg2 61. Qxh7 1-0

[Event "Senta Fantastico GM Mix 02"]
[Site "Senta"]
[Date "2025.02.13"]
[Round "4"]
[White "Joel Paul, Ganta"]
[Black "Kecskemeti, Arpad"]
[Result "1-0"]
[WhiteElo "2065"]
[BlackElo "2192"]
[PlyCount "41"]
[EventDate "2025.02.11"]
[EventType "swiss"]
[EventRounds "9"]
[EventCountry "SRB"]
[SourceTitle "CB09_2025"]
[SourceDate "2025.02.27"]
[SourceVersion "1"]
[SourceVersionDate "2025.02.27"]
[SourceQuality "1"]

1. e4 c5 2. Nf3 d6 3. d4 cxd4 4. Nxd4 Nf6 5. Nc3 a6 6. Be3 e5 7. Nb3 Be6 8. h3 Be7 9. Qf3 Qc7 10. g4 b5 11. 0-0-0 0-0 12. g5 Nfd7 13. Nd5 Bxd5 14. exd5 Nb6 15. Kb1 Nc4 16. Bc1 Nd7 17. Bd3 a5 18. h4 Rfb8 19. Bxh7+ Kxh7 20. Qxf7 Nf8 21. h5 1-0

[Event "Senta Fantastico op 03"]
[Site "Senta"]
[Date "2025.02.09"]
[Round "8.18"]
[White "Joel Paul, Ganta"]
[Black "Jin, Hongtao"]
[Result "1/2-1/2"]
[WhiteElo "2065"]
[BlackElo "2240"]
[PlyCount "160"]
[EventDate "2025.02.05"]
[EventType "swiss"]
[EventRounds "9"]
[EventCountry "SRB"]
[SourceTitle "CB08_2025"]
[SourceDate "2025.02.19"]
[SourceVersion "1"]
[SourceVersionDate "2025.02.19"]
[SourceQuality "1"]

1. d4 Nf6 2. c4 e6 3. Nc3 Bb4 4. e3 0-0 5. Bd3 d5 6. a3 Bxc3+ 7. bxc3 c5 8. cxd5 Qxd5 9. Qf3 Qxf3 10. Nxf3 b6 11. a4 Ba6 12. Bxa6 Nxa6 13. Ba3 Rfc8 14. 0-0 cxd4 15. cxd4 Rc2 16. Rfc1 Rac8 17. Ne5 Ne4 18. Rxc2 Rxc2 19. f3 Nc3 20. e4 f6 21. Nc6 Ne2+ 22. Kf1 Rxc6 23. Kxe2 Rc4 24. a5 Rxd4 25. axb6 axb6 26. Bb2 Rb4 27. Bc3 Rb3 28. Rxa6 Rxc3 29. Rxb6 Rc2+ 30. Kf1 Kf7 31. h4 h5 32. Kg1 g5 33. hxg5 fxg5 34. Kh2 Kf6 35. Rb5 Re2 36. Kh3 Re1 37. Kh2 Re3 38. Ra5 Rb3 39. Rc5 Kg6 40. Rc6 Kf6 41. Rc5 Rb6 42. Ra5 Rb4 43. Rc5 Rb1 44. Ra5 Re1 45. Rb5 Re2 46. Ra5 Re3 47. Rb5 g4 48. Kg3 gxf3 49. gxf3 h4+ 50. Kf4 Ra3 51. Rh5 e5+ 52. Kg4 Ra1 53. Rf5+ Ke6 54. Kxh4 Rg1 55. Kh3 Rg8 56. Rh5 Kf6 57. Rh6+ Kf7 58. Rh4 Kf6 59. Rg4 Ra8 60. Kg3 Ra1 61. Rh4 Rg1+ 62. Kf2 Ra1 63. Rh6+ Ke7 64. Rb6 Kd7 65. Ke2 Ra2+ 66. Kd3 Ra3+ 67. Kc4 Rxf3 68. Kd5 Rh3 69. Rb7+ Ke8 70. Kxe5 Rh5+ 71. Kf6 Rh6+ 72. Kf5 Rh5+ 73. Ke6 Rh6+ 74. Kd5 Ra6 75. Rc7 Rh6 76. Rc6 Rxc6 77. Kxc6 Ke7 78. Kd5 Kd7 79. e5 Ke7 80. e6 Ke8 1/2-1/2

[Event "Senta Fantastico op 03"]
[Site "Senta"]
[Date "2025.02.08"]
[Round "6.17"]
[White "Joel Paul, Ganta"]
[Black "Stanojevic, Ilija"]
[Result "0-1"]
[WhiteElo "2065"]
[BlackElo "2186"]
[PlyCount "62"]
[EventDate "2025.02.05"]
[EventType "swiss"]
[EventRounds "9"]
[EventCountry "SRB"]
[SourceTitle "CB08_2025"]
[SourceDate "2025.02.19"]
[SourceVersion "1"]
[SourceVersionDate "2025.02.19"]
[SourceQuality "1"]

1. e4 c5 2. Nf3 Nc6 3. Bb5 e6 4. Bxc6 bxc6 5. b3 f6 6. 0-0 Nh6 7. d4 Nf7 8. Ba3 cxd4 9. Bxf8 Kxf8 10. Qxd4 Qb6 11. c4 Qxd4 12. Nxd4 e5 13. Nc2 d6 14. Nc3 Be6 15. Nb4 Rc8 16. Nd3 g5 17. Rfd1 Ke7 18. Rd2 h5 19. Nb4 g4 20. Rad1 h4 21. Rf1 h3 22. f3 hxg2 23. Rxg2 gxf3 24. Rxf3 Ng5 25. Rfg3 Rh4 26. Re3 a5 27. Nd3 Rg8 28. Kh1 Rgh8 29. c5 Rh3 30. cxd6+ Kxd6 31. Rxh3 Rxh3 0-1

[Event "Pozarevac Rudar IM 11"]
[Site "Pozarevac"]
[Date "2024.11.13"]
[Round "9"]
[White "Joel Paul, Ganta"]
[Black "Fedorov, Artem Alek"]
[Result "0-1"]
[WhiteElo "2192"]
[BlackElo "2200"]
[PlyCount "90"]
[EventDate "2024.11.06"]
[EventType "tourn"]
[EventRounds "9"]
[EventCountry "SRB"]
[SourceTitle "CB47_2024"]
[SourceDate "2024.11.20"]
[SourceVersion "1"]
[SourceVersionDate "2024.11.20"]
[SourceQuality "1"]

1. e4 c5 2. Nf3 d6 3. c3 Nf6 4. Be2 Bd7 5. Qc2 Qc7 6. 0-0 g6 7. a4 Bg7 8. d3 0-0 9. Nbd2 e5 10. Nc4 Nc6 11. h3 h6 12. Rd1 Rad8 13. Be3 Rfe8 14. Nh2 b6 15. Qd2 Kh7 16. f4 Be6 17. fxe5 dxe5 18. Qc2 Nd7 19. g4 Nf8 20. Nd2 Bc8 21. Rf1 Ne6 22. g5 h5 23. Rf3 Ncd4 24. cxd4 exd4 25. Bf2 Nxg5 26. h4 Be5 27. hxg5 Bxh2+ 28. Kg2 Bf4 29. Bg3 Bxg3 30. Rxg3 h4 31. Rf3 Re5 32. Rh1 Rxg5+ 33. Kf1 h3 34. Rfxh3+ Bxh3+ 35. Rxh3+ Kg7 36. Nf3 Rg3 37. Rxg3 Qxg3 38. Bd1 Rh8 39. Qg2 Qf4 40. Qd2 Rh1+ 41. Ke2 Qg3 42. Qg5 Rh2+ 43. Nxh2 Qxg5 44. Nf1 Qg2+ 45. Ke1 c4 0-1

[Event "Pozarevac Rudar IM 11"]
[Site "Pozarevac"]
[Date "2024.11.11"]
[Round "7"]
[White "Joel Paul, Ganta"]
[Black "Krishna, C Revanth Gopala"]
[Result "1-0"]
[WhiteElo "2192"]
[BlackElo "2448"]
[PlyCount "63"]
[EventDate "2024.11.06"]
[EventType "tourn"]
[EventRounds "9"]
[EventCountry "SRB"]
[SourceTitle "CB47_2024"]
[SourceDate "2024.11.20"]
[SourceVersion "1"]
[SourceVersionDate "2024.11.20"]
[SourceQuality "1"]

1. e4 e6 2. d4 d5 3. Nc3 Be7 4. Bd3 c5 5. dxc5 Nf6 6. exd5 exd5 7. Bf4 0-0 8. h3 Bxc5 9. Nge2 Nc6 10. 0-0 h6 11. a3 a6 12. Ng3 Be6 13. Qd2 Re8 14. Rae1 Bf8 15. Qd1 d4 16. Nce2 Nd5 17. Bc1 Qb6 18. Kh1 g6 19. Ng1 Bg7 20. Nf3 Rad8 21. Re2 Qc7 22. Rfe1 Ne3 23. fxe3 Qxg3 24. exd4 Nxd4 25. Nxd4 Bxd4 26. Qd2 Bd7 27. Bxg6 Rxe2 28. Rxe2 Bxh3 29. Bh7+ Kf8 30. Qxh6+ Bg7 31. Bd2 Rd4 32. Qxh3 1-0

[Event "Pozarevac Rudar IM 11"]
[Site "Pozarevac"]
[Date "2024.11.10"]
[Round "5"]
[White "Joel Paul, Ganta"]
[Black "Ilincic, Zlatko"]
[Result "1/2-1/2"]
[WhiteElo "2192"]
[BlackElo "2262"]
[PlyCount "56"]
[EventDate "2024.11.06"]
[EventType "tourn"]
[EventRounds "9"]
[EventCountry "SRB"]
[SourceTitle "CB47_2024"]
[SourceDate "2024.11.20"]
[SourceVersion "1"]
[SourceVersionDate "2024.11.20"]
[SourceQuality "1"]

1. e4 e5 2. Nf3 Nf6 3. Nxe5 d6 4. Nf3 Nxe4 5. d4 d5 6. Bd3 Be7 7. 0-0 Nd7 8. Re1 Ndf6 9. c4 Be6 10. cxd5 Bxd5 11. Nc3 Nxc3 12. bxc3 0-0 13. Ne5 c6 14. Bg5 h6 15. Bh4 Re8 16. Bc2 Nh7 17. Qd3 Nf8 18. Bg3 b5 19. Re3 Bg5 20. f4 Bh4 21. Bxh4 Qxh4 22. Rh3 Qxf4 23. Rf1 Qg5 24. Rg3 Rxe5 25. dxe5 Qxe5 26. Re3 Qg5 27. Rg3 Qe5 28. Re3 Qg5 1/2-1/2

[Event "Pozarevac Rudar IM 11"]
[Site "Pozarevac"]
[Date "2024.11.07"]
[Round "2"]
[White "Enkhrii, Enkh Amgalan"]
[Black "Joel Paul, Ganta"]
[Result "1-0"]
[WhiteElo "2072"]
[BlackElo "2192"]
[PlyCount "151"]
[EventDate "2024.11.06"]
[EventType "tourn"]
[EventRounds "9"]
[EventCountry "SRB"]
[SourceTitle "CB47_2024"]
[SourceDate "2024.11.20"]
[SourceVersion "1"]
[SourceVersionDate "2024.11.20"]
[SourceQuality "1"]

1. e4 c5 2. Nf3 d6 3. d4 cxd4 4. Nxd4 Nf6 5. Nc3 a6 6. Bg5 Nbd7 7. Bc4 Qb6 8. Bb3 e6 9. Qd2 Be7 10. 0-0-0 Nc5 11. Rhe1 Qc7 12. f4 h6 13. Bxf6 Bxf6 14. Nf3 Be7 15. Kb1 Bd7 16. f5 0-0-0 17. Qd4 Rhg8 18. e5 dxe5 19. Qxe5 Bf6 20. Qxc7+ Kxc7 21. fxe6 fxe6 22. Ne5 Bc8 23. Nd3 Nxb3 24. axb3 Rd4 25. Re3 Rh4 26. h3 Rd4 27. Rf1 Bd7 28. Ne4 Rf8 29. Nec5 Re8 30. Rfe1 b6 31. Nxe6+ Bxe6 32. Rxe6 Red8 33. R1e4 a5 34. Rxd4 Rxd4 35. Kc1 Rd5 36. Re4 h5 37. g4 hxg4 38. hxg4 Rd8 39. b4 axb4 40. Nxb4 Bg5+ 41. Kb1 Kd6 42. c3 Kc7 43. Re5 Bh4 44. Kc2 Rf8 45. Nd3 Kd6 46. Rh5 Be7 47. Rb5 Kc6 48. c4 Rf1 49. Rd5 Kc7 50. Re5 Bf6 51. Re4 Rg1 52. b4 Rg2+ 53. Kd1 Bc3 54. Nf4 Rd2+ 55. Kc1 Kd6 56. Nd5 Rxd5 57. cxd5 Kxd5 58. Rf4 Ke5 59. Rf5+ Kd4 60. Rb5 Kc4 61. Rxb6 Bxb4 62. Rg6 Bf8 63. Kd2 Kd4 64. Ke2 Ke4 65. Kf2 Bc5+ 66. Kg3 Bd4 67. Kh4 Bf6+ 68. Kh5 Kf4 69. g5 Be5 70. Rb6 Bc3 71. Kg6 Kg4 72. Rc6 Bd2 73. Rc4+ Bf4 74. Ra4 Kg3 75. Kf5 Bd2 76. Ra7 1-0

[Event "Belgrade Radnicki 10"]
[Site "Belgrade"]
[Date "2024.11.03"]
[Round "6"]
[White "Banerjee, Supratit"]
[Black "Joel Paul, Ganta"]
[Result "1-0"]
[WhiteElo "2141"]
[BlackElo "2192"]
[PlyCount "73"]
[EventDate "2024.10.29"]
[EventType "tourn"]
[EventRounds "9"]
[EventCountry "SRB"]
[EventCategory "1"]
[SourceTitle "CB45_2024"]
[Source "ChessBase"]
[SourceDate "2024.11.06"]
[SourceVersion "1"]
[SourceVersionDate "2024.11.06"]
[SourceQuality "1"]

1. e4 a6 2. d4 g6 3. Nf3 Bg7 4. Be2 c5 5. c3 cxd4 6. cxd4 d5 7. e5 Nc6 8. Nc3 Nh6 9. Qb3 Nf5 10. Be3 0-0 11. Qxd5 Be6 12. Qe4 Qb6 13. d5 Qxb2 14. Rc1 Nxe5 15. Nxe5 Nxe3 16. Qxe3 Bxe5 17. dxe6 Bd4 18. exf7+ Rxf7 19. Qxd4 Qxc1+ 20. Nd1 Qf4 21. Qb6 Qe5 22. h4 Rf6 23. Qb3+ Kg7 24. h5 Qa5+ 25. Kf1 Rd8 26. Qe3 Rd7 27. hxg6 Rxg6 28. Qh3 Qa4 29. Qxh7+ Kf6 30. Qh8+ Ke6 31. Qh3+ Kd6 32. Qc3 Rg5 33. Rh6+ e6 34. Ne3 Rc5 35. Rxe6+ Kxe6 36. Qxc5 Rd4 37. Bc4+ 1-0

[Event "Belgrade Radnicki 10"]
[Site "Belgrade"]
[Date "2024.11.01"]
[Round "4"]
[White "Milosevic, Milos"]
[Black "Joel Paul, Ganta"]
[Result "1-0"]
[WhiteElo "2315"]
[BlackElo "2192"]
[PlyCount "48"]
[EventDate "2024.10.29"]
[EventType "tourn"]
[EventRounds "9"]
[EventCountry "SRB"]
[EventCategory "1"]
[SourceTitle "CB45_2024"]
[Source "ChessBase"]
[SourceDate "2024.11.06"]
[SourceVersion "1"]
[SourceVersionDate "2024.11.06"]
[SourceQuality "1"]

1. e4 c5 2. Nf3 d6 3. d4 cxd4 4. Nxd4 Nf6 5. Nc3 a6 6. Qd3 Nbd7 7. Be2 g6 8. Bg5 Bg7 9. 0-0-0 h6 10. Bh4 Qc7 11. f4 b5 12. Nd5 Nxd5 13. exd5 0-0 14. Bf3 Bb7 15. Rhe1 Rfc8 16. Nc6 Bxc6 17. dxc6 Nc5 18. Qd5 Na4 19. c3 Re8 20. f5 gxf5 21. Qxf5 Rab8 22. Rd4 b4 23. Rg4 bxc3 24. Be4 cxb2+ 1-0

[Event "Titled Tuesday intern op 03rd Sep Early"]
[Site "Chess.com INT"]
[Date "2024.09.03"]
[Round "3"]
[White "Garrido Diaz, Jose Antonio"]
[Black "Joel Paul, Ganta"]
[Result "0-1"]
[WhiteElo "2260"]
[BlackElo "2192"]
[PlyCount "148"]
[EventDate "2024.09.03"]
[EventType "swiss (blitz)"]
[EventRounds "11"]
[EventCountry "USA"]
[SourceTitle "EXT 2025"]
[Source "ChessBase"]
[SourceDate "2024.10.14"]
[SourceVersion "1"]
[SourceVersionDate "2024.10.14"]
[SourceQuality "1"]

1. e4 c5 2. Nf3 d6 3. g3 Nc6 4. Bg2 g6 5. 0-0 Bg7 6. c3 Nf6 7. d4 cxd4 8. cxd4 Nxe4 9. d5 Nxf2 10. Rxf2 Ne5 11. Nc3 Ng4 12. Re2 Qb6+ 13. Kf1 0-0 14. h3 Ne5 15. Be3 Qc7 16. Nxe5 dxe5 17. Rc1 Qd7 18. Kg1 b6 19. d6 Bb7 20. dxe7 Qxe7 21. Bxb7 Qxb7 22. Qd5 Qa6 23. Qb5 Qb7 24. Ree1 Qf3 25. Bf2 Rad8 26. Qe2 Qf5 27. Red1 Qxh3 28. Rxd8 Rxd8 29. Rd1 Rc8 30. Nd5 Qe6 31. Qd2 h5 32. Kg2 Kh7 33. Nc3 e4 34. Qd7 Qc4 35. Nd5 e3 36. Nxe3 Qe4+ 37. Kg1 Rf8 38. Qxa7 Bd4 39. Ng2 Bxf2+ 40. Kxf2 Qc2+ 41. Kg1 Qxd1+ 42. Kh2 Qd4 43. Qe7 Qc5 44. Qd7 Kg7 45. a3 Rc8 46. Nf4 Qc2+ 47. Kh3 Qf5+ 48. Qxf5 gxf5 49. Nxh5+ Kh6 50. Nf4 Rc2 51. b4 Ra2 52. Nd5 b5 53. Nc7 Rxa3 54. Nxb5 Rb3 55. Nd6 Rxb4 56. Nxf5+ Kg5 57. Nd6 f5 58. Nf7+ Kf6 59. Nd6 Ke5 60. Nf7+ Kf6 61. Nd6 Rb1 62. Kg2 Rd1 63. Nc4 Kg5 64. Ne3 Rd3 65. Kf3 Ra3 66. Kf2 Ra2+ 67. Kf3 Ra4 68. Ng2 Ra2 69. Ne3 Ra4 70. Ng2 Kf6 71. Ne3 Ke5 72. Nf1 Ra3+ 73. Ne3 Kd4 74. Kf2 Rxe3 0-1

[Event "Titled Tuesday intern op 03rd Sep Early"]
[Site "Chess.com INT"]
[Date "2024.09.03"]
[Round "8"]
[White "Joel Paul, Ganta"]
[Black "Gutierrez Olivares, Daniel"]
[Result "1/2-1/2"]
[WhiteElo "2192"]
[BlackElo "2354"]
[PlyCount "72"]
[EventDate "2024.09.03"]
[EventType "swiss (blitz)"]
[EventRounds "11"]
[EventCountry "USA"]
[SourceTitle "EXT 2025"]
[Source "ChessBase"]
[SourceDate "2024.10.14"]
[SourceVersion "1"]
[SourceVersionDate "2024.10.14"]
[SourceQuality "1"]

1. e4 e6 2. d4 d5 3. exd5 exd5 4. Bd3 Nc6 5. c3 Bd6 6. Ne2 Nge7 7. Bf4 Be6 8. Nd2 f6 9. Qc2 Qd7 10. Bxh7 f5 11. Bxd6 Qxd6 12. g3 Rxh7 13. Nf4 g5 14. Nd3 f4 15. 0-0-0 Bf5 16. Nf3 Qg6 17. Qd2 Bxd3 18. Qxd3 Qxd3 19. Rxd3 fxg3 20. fxg3 g4 21. Ng5 Rh5 22. Ne6 b6 23. Nxc7+ Kd7 24. Nxa8 Rh8 25. Nxb6+ axb6 26. Rd2 Ra8 27. a3 Na5 28. Rf2 Nc4 29. Rf4 Rg8 30. Re1 Nd6 31. Re5 Ne4 32. Rf7 Re8 33. Rxd5+ Ke6 34. Re5+ Kxf7 35. Rxe4 Rh8 36. Rxg4 Rxh2 1/2-1/2

[Event "Titled Tuesday intern op 03rd Sep Late"]
[Site "Chess.com INT"]
[Date "2024.09.03"]
[Round "3"]
[White "Joel Paul, Ganta"]
[Black "Kopacz, Grzegorz"]
[Result "1-0"]
[WhiteElo "2192"]
[BlackElo "1998"]
[PlyCount "89"]
[EventDate "2024.09.03"]
[EventType "swiss (blitz)"]
[EventRounds "11"]
[EventCountry "USA"]
[SourceTitle "EXT 2025"]
[Source "ChessBase"]
[SourceDate "2024.10.14"]
[SourceVersion "1"]
[SourceVersionDate "2024.10.14"]
[SourceQuality "1"]

1. d4 c5 2. e3 g6 3. Nf3 Bg7 4. c3 cxd4 5. exd4 d6 6. Bd3 Nf6 7. 0-0 0-0 8. Re1 Nc6 9. h3 Be6 10. Nbd2 Rc8 11. Ne4 Nxe4 12. Bxe4 Bd7 13. Bg5 h6 14. Be3 Kh7 15. Qd3 f5 16. Bd5 e6 17. Bb3 d5 18. Bf4 Re8 19. Ne5 Nxe5 20. Bxe5 Bxe5 21. Rxe5 Qb6 22. Rae1 a5 23. Qg3 a4 24. Bd1 Qxb2 25. R5e2 Qb6 26. h4 Qa5 27. Qd6 Qc7 28. Qa3 Qxc3 29. Qd6 Qc6 30. Qb4 b5 31. h5 g5 32. Re5 Qb6 33. g4 f4 34. Qb1+ Kg7 35. Qg6+ Kf8 36. Bc2 Re7 37. Qxh6+ Rg7 38. Bg6 Qxd4 39. Qh8+ Ke7 40. Qxg7+ Kd6 41. Rxe6+ Bxe6 42. Qxd4 Rc4 43. Qe5+ Kc5 44. Qxe6 Kd4 45. Bf7 1-0

[Event "Titled Tuesday intern op 03rd Sep Early"]
[Site "Chess.com INT"]
[Date "2024.09.03"]
[Round "4"]
[White "Rey Martinez, Jaime"]
[Black "Joel Paul, Ganta"]
[Result "1-0"]
[WhiteElo "2266"]
[BlackElo "2192"]
[PlyCount "61"]
[EventDate "2024.09.03"]
[EventType "swiss (blitz)"]
[EventRounds "11"]
[EventCountry "USA"]
[SourceTitle "EXT 2025"]
[Source "ChessBase"]
[SourceDate "2024.10.14"]
[SourceVersion "1"]
[SourceVersionDate "2024.10.14"]
[SourceQuality "1"]

1. e4 c5 2. Ne2 d6 3. g3 g6 4. Bg2 Bg7 5. c3 Nc6 6. d4 cxd4 7. cxd4 Nf6 8. 0-0 h5 9. h3 h4 10. g4 Nxg4 11. hxg4 h3 12. Bf3 Rh4 13. g5 Bg4 14. Nd2 Qd7 15. Ng3 Nxd4 16. Bxg4 Rxg4 17. Nf3 Rxe4 18. Nxe4 Qg4+ 19. Ng3 Nxf3+ 20. Kh1 Be5 21. Be3 Rc8 22. Rc1 Rxc1 23. Bxc1 Kf8 24. Be3 b6 25. Qe2 Kg7 26. a4 f5 27. gxf6+ exf6 28. Rc1 Bxg3 29. Rc7+ Kf8 30. Bh6+ Kg8 31. Qe8# 1-0

[Event "Titled Tuesday intern op 27th Aug Early"]
[Site "Chess.com INT"]
[Date "2024.08.27"]
[Round "4"]
[White "Joel Paul, Ganta"]
[Black "Sharshenbekov, Emir"]
[Result "0-1"]
[WhiteElo "2192"]
[BlackElo "2078"]
[PlyCount "64"]
[EventDate "2024.08.27"]
[EventType "swiss (blitz)"]
[EventRounds "11"]
[EventCountry "USA"]
[SourceTitle "EXT 2025"]
[Source "ChessBase"]
[SourceDate "2024.10.14"]
[SourceVersion "1"]
[SourceVersionDate "2024.10.14"]
[SourceQuality "1"]

1. a3 Nf6 2. d4 g6 3. g3 Bg7 4. Bg2 0-0 5. e4 d6 6. Ne2 e5 7. 0-0 Nc6 8. dxe5 Nxe5 9. Nbc3 Re8 10. h3 Bd7 11. f4 Nc6 12. Be3 a6 13. Qd2 Qc8 14. Kh2 b5 15. Nd4 Rb8 16. e5 Nxd4 17. exf6 Nf5 18. Bd4 Bh8 19. Rae1 Rxe1 20. Rxe1 c5 21. Nd5 cxd4 22. g4 Bc6 23. gxf5 Bxd5 24. fxg6 Bxg2 25. gxh7+ Kxh7 26. Qd3+ Kh6 27. Kxg2 Bxf6 28. Rg1 Qc4 29. Qf5 Rg8+ 30. Kh2 Qe2+ 31. Kh1 Qf3+ 32. Kh2 Qf2+ 0-1

[Event "Titled Tuesday intern op 27th Aug Early"]
[Site "Chess.com INT"]
[Date "2024.08.27"]
[Round "5"]
[White "Soria Delgado, Kadir"]
[Black "Joel Paul, Ganta"]
[Result "0-1"]
[WhiteElo "2260"]
[BlackElo "2192"]
[PlyCount "44"]
[EventDate "2024.08.27"]
[EventType "swiss (blitz)"]
[EventRounds "11"]
[EventCountry "USA"]
[SourceTitle "EXT 2025"]
[Source "ChessBase"]
[SourceDate "2024.10.14"]
[SourceVersion "1"]
[SourceVersionDate "2024.10.14"]
[SourceQuality "1"]

1. e4 a6 2. d4 g6 3. Nc3 Bg7 4. Nf3 d6 5. h3 b5 6. a4 b4 7. Nd5 Bb7 8. Bd3 Bxd5 9. exd5 Nf6 10. Bc4 Nbd7 11. a5 0-0 12. 0-0 Nb8 13. Bd2 c6 14. dxc6 Nxc6 15. Qe2 Nxa5 16. Bxa6 Qb6 17. Bd3 Nd5 18. Be4 e6 19. c4 bxc3 20. bxc3 Nb3 21. Rab1 Ra2 22. Qd1 Nxd2 0-1

[Event "Titled Tuesday intern op 20th Aug Early"]
[Site "Chess.com INT"]
[Date "2024.08.20"]
[Round "6"]
[White "Iskusnyh, Sergei"]
[Black "Joel Paul, Ganta"]
[Result "0-1"]
[WhiteElo "2440"]
[BlackElo "2192"]
[PlyCount "74"]
[EventDate "2024.08.20"]
[EventType "swiss (blitz)"]
[EventRounds "11"]
[EventCountry "USA"]
[SourceTitle "EXT 2025"]
[Source "ChessBase"]
[SourceDate "2024.10.14"]
[SourceVersion "1"]
[SourceVersionDate "2024.10.14"]
[SourceQuality "1"]

1. d4 g6 2. c4 Bg7 3. Nf3 d6 4. g3 Nf6 5. Bg2 0-0 6. Nc3 Nc6 7. d5 Na5 8. b3 a6 9. 0-0 b5 10. Bb2 bxc4 11. b4 Rb8 12. Qa4 Nb7 13. Nd4 a5 14. Nc6 Bd7 15. Qc2 Bxc6 16. dxc6 axb4 17. cxb7 bxc3 18. Bxc3 d5 19. Rab1 c5 20. Bxf6 Bxf6 21. Rfd1 e6 22. e4 Bd4 23. exd5 exd5 24. a4 Qd7 25. a5 Rxb7 26. Rxb7 Qxb7 27. Qxc4 Qb2 28. Bxd5 Qxf2+ 29. Kh1 Re8 30. Rf1 Re1 31. Rxe1 Qxe1+ 32. Kg2 Qf2+ 33. Kh3 Qf5+ 34. Kg2 Qf2+ 35. Kh3 h5 36. Qa2 Qf1+ 37. Kh4 Bf6# 0-1